Normal view
MARC view
- Gopalakrishna Rao, M.
Entry Personal Name
001 - CONTROL NUMBER
- control field: 312
003 - CONTROL NUMBER IDENTIFIER
- control field: OSt
005 - DATE AND TIME OF LATEST TRANSACTION
- control field: 20160608102553.0
008 - FIXED-LENGTH DATA ELEMENTS
- fixed length control field: 160608|| aca||aabn | a|a d
040 ## - CATALOGING SOURCE
- Original cataloging agency: OSt
- Transcribing agency: OSt
100 ## - HEADING--PERSONAL NAME
- Personal name: Gopalakrishna Rao, M.
670 ## - SOURCE DATA FOUND
- Source citation: Work cat.: (OSt): Gopalakrishna Rao, M., Food Science And Technology, 2014
